| 000 | 00517nam a2200145Ia 4500 | ||
|---|---|---|---|
| 008 | 170221s9999 xx 000 0 und d | ||
| 100 | _aAlmehairi, Mira. | ||
| 245 | _aAdoption of virtual shopping: Using smart phones and QR codes | ||
| 245 | _cMira Almehairi, Zayed University, Dubai, UAE; Tariq Bhatti, Zayed University, Dubai, UAE. | ||
| 260 | _bJournal of Management and Marketing Research | ||
| 260 | _c2012 | ||
| 300 | _a32 : 3 | ||
| 650 | _xBusiness | ||
| 856 | _uhttp://www.aabri.com/manuscripts/141938.pdf | ||
| 999 |
_c311199 _d311199 |
||